Tổ chức sản xuất và quản trị doanh nghiệp

Hệ thống những nội dung liên quan đến tổ chức sản xuất kinh doanh ở một doanh nghiệp, nghiên cứu môi trường sản xuất, chuẩn bị các điều kiện vật chất cho sản xuất, tuyển dụng, đào tạo công nhân, tạo động lực kích thích sản xuất, nghẹ...

Täydet tiedot

Tallennettuna:
Bibliografiset tiedot
Päätekijä: Amrine, Harold T.
Aineistotyyppi: Kirja
Kieli:Undetermined
Julkaistu: Hà Nội Nhà xuất bản Hà Nội 1995
Aiheet:
Tagit: Lisää tagi
Ei tageja, Lisää ensimmäinen tagi!
Thư viện lưu trữ: Trung tâm Học liệu Trường Đại học Cần Thơ
LEADER 01063nam a2200193Ia 4500
001 CTU_23904
008 210402s9999 xx 000 0 und d
020 |c 78000 
082 |a 658 
082 |b A527 
100 |a Amrine, Harold T. 
245 0 |a Tổ chức sản xuất và quản trị doanh nghiệp 
245 0 |c Harold T. Amrine ... [et al.] ; Dịch giả: Vũ Trọng Hùng 
260 |a Hà Nội 
260 |b Nhà xuất bản Hà Nội 
260 |c 1995 
520 |a Hệ thống những nội dung liên quan đến tổ chức sản xuất kinh doanh ở một doanh nghiệp, nghiên cứu môi trường sản xuất, chuẩn bị các điều kiện vật chất cho sản xuất, tuyển dụng, đào tạo công nhân, tạo động lực kích thích sản xuất, nghệ thuật marketing, bán hàng, phân tích, đánh giá hiệu quả... 
650 |a Management,Production control 
980 |a Trung tâm Học liệu Trường Đại học Cần Thơ